[Event "Dolakha Tamang Memorial"]
[Site "Dolakha"]
[Date "2023.05.21"]
[Round "6"]
[White "Thapa, Rishon"]
[Black "Majumder, Shrayan"]
[Result "1/2-1/2"]
[WhiteElo "1602"]
[BlackElo "1659"]
[PlyCount "117"]
[EventDate "2023.05.19"]
[EventType "swiss"]
[EventRounds "9"]
[EventCountry "NEP"]
[SourceTitle "EXT 2024"]
[Source "ChessBase"]
[SourceDate "2023.10.10"]
[SourceVersion "1"]
[SourceVersionDate "2023.10.10"]
[SourceQuality "1"]

1. Nf3 d5 2. d4 e6 3. c4 a6 4. e3 Nf6 5. Nc3 Nbd7 6. Be2 b6 7. 0-0 Bd6 8. Qc2 Bb7 9. b3 0-0 10. Bb2 Qe7 11. Rfd1 Rac8 12. Rac1 dxc4 13. bxc4 c5 14. Nd2 Rfd8 15. Nf1 cxd4 16. exd4 Nf8 17. Qb3 Rb8 18. Ne3 Ne4 19. Nxe4 Bxe4 20. Bd3 Bb7 21. Re1 Qg5 22. Qd1 Bf4 23. g3 Ng6 24. Bxg6 Qxg6 25. Qg4 Qxg4 26. Nxg4 Bxc1 27. Rxc1 Rbc8 28. Kf1 Rc7 29. Ke2 Rdc8 30. Ne3 Bd5 31. Kd3 b5 32. c5 Bc6 33. Bc3 Rd7 34. Ke2 f6 35. Rd1 Kf7 36. Ba5 Bd5 37. a3 Bb3 38. Rb1 Ba4 39. Rb4 e5 40. dxe5 Rxc5 41. exf6 gxf6 42. Rh4 Bc2 43. Bb4 Rc6 44. Rf4 Bg6 45. g4 Ke6 46. h4 Bd3+ 47. Kf3 Ke5 48. g5 fxg5 49. hxg5 Rcc7 50. Ng4+ Ke6 51. Rf6+ Kd5 52. Rxa6 Ra7 53. Nf6+ Kd4 54. Rc6 Bc4 55. Nxd7 Bd5+ 56. Kg3 Bxc6 57. Bc5+ Kc4 58. Bxa7 Bxd7 59. Bb8 1/2-1/2